| 000 | 00639nam a22001697a 4500 | ||
|---|---|---|---|
| 005 | 20250218153621.0 | ||
| 008 | 250218b |||||||| |||| 00| 0 eng d | ||
| 082 |
_22023 _aUT |
||
| 100 |
_aAcedilla, John Oliver _965498 |
||
| 245 |
_aConsumer behavior towards organic food: _bThe Case among Digos City consumers / _cJohn Oliver Acedilla, Javin Rey Lumbab, and Jeralden Tutoy |
||
| 260 |
_aDigos City : _bUMDC, _c©June 2023. |
||
| 300 |
_aviii, 53 pages : _billustration (some colors) ; _c30 cm. |
||
| 500 | _aIncludes references and appendices. | ||
| 700 |
_aLumbab, Javin Rey _965499 |
||
| 700 |
_aTutoy, Jeralden _965500 |
||
| 942 |
_2ddc _cUT |
||
| 999 |
_c23502 _d23502 |
||